Somalia: agriculture in the winds of change (Record no. 76658)

MARC details
000 -LEADER
fixed length control field 00691nam a2200157 a 4500
008 - FIXED-LENGTH DATA ELEMENTS--GENERAL INFORMATION
fixed length control field 120416s1986 ||||||||||||||||| || u
050 ## - LIBRARY OF CONGRESS CALL NUMBER
Classification number HD 2125 Con
100 ## - MAIN ENTRY--PERSONAL NAME
Personal name Conze, Peter
245 10 - TITLE STATEMENT
Title Somalia: agriculture in the winds of change
260 ## - PUBLICATION, DISTRIBUTION, ETC.
Place of publication, distribution, etc. Germany:
Name of publisher, distributor, etc. Epi Verlag Gmbh
Date of publication, distribution, etc. 1986
350 ## -
-- 0.00
650 ## - SUBJECT ADDED ENTRY--TOPICAL TERM
Topical term or geographic name entry element AGRICULTURE AND STATE--SOMALIA
650 ## - SUBJECT ADDED ENTRY--TOPICAL TERM
Topical term or geographic name entry element AGRICULTURE
995 ## -
-- ANNEX COLLECTION (Main Library)
-- 0.00
-- 712203
-- CBU-MAIN LIBRARY (Kitwe)
-- 1
-- 5.00
-- HD 2125 Con
-- 1
-- AVAILABLE
-- 005053
-- Annex Low-Usage Collection
995 ## -
-- ANNEX COLLECTION (Main Library)
-- 0.00
-- 711961
-- CBU-MAIN LIBRARY (Kitwe)
-- 2
-- 5.00
-- HD 2125 Con
-- 2
-- AVAILABLE
-- 005052
-- Annex Low-Usage Collection
999 ## -
-- 76658
-- 76658
Holdings
Withdrawn status Lost status Source of classification or shelving scheme Damaged status Not for loan Permanent Location Current Location Shelving location Date acquired Total Checkouts Full call number Barcode Date last seen Copy number Price effective from Koha item type
          CBU-MAIN LIBRARY, KITWE. CBU-MAIN LIBRARY, KITWE.   04/25/2023   HD 2125 Con 005053 04/25/2023 1 04/25/2023 MONOGRAPH
          CBU-MAIN LIBRARY, KITWE. CBU-MAIN LIBRARY, KITWE.   04/25/2023   HD 2125 Con 005052 04/25/2023 2 04/25/2023 MONOGRAPH